01020nam a2200229Ia 450000500170000000800410001708200220005811000380008024501530011825000190027130000420029060000570033260000650038961000690045461000570052365000360058026400510061633600270066733700330069433800280072704000350075520220317001212.0160825s1998 ck a g 000 0 spa 04aR 708.074 bB31ge2 aBanco de la República. Bogotá10aGerardo Reichel-Dolmatoffbantropólogo de Colombia 1912-1994cBanco de la República, Museo del Oro, Universidad Nacional de Colombiahcátalogo a1a. edición  a46 páginas bilustraciones c28 cm  aReichel-Dolmatoff, Gerardod1912-1994xCronología  aReichel-Dolmatoff, Gerardod1912-1994xHomenajes póstumos  aBanco de la República (Bogotá) vCatálogos xExposiciones  aMuseo de Oro (Bogotá)vCatálogos xExposiciones 142LEMBaAntropólogos austriacos aBogotábBiblioteca Luis Ángel Arangoc1988 atextobtxt2rdacontent asin mediaciónbn2rdamedia avolumenbnc2rdacarrier aCO-BoRNBPbspaerdacCO-BoRNBP